| 000 | 01010nam a2200253 a 4500 | ||
|---|---|---|---|
| 005 | 20171004135742.0 | ||
| 008 | 981021s1998 io 000 0 eng d | ||
| 020 | _a979876417x | ||
| 040 |
_aCO-BoIAVH _cCO-BoIAVH |
||
| 041 | 0 | _aeng | |
| 044 | _aind | ||
| 082 | 0 | 4 |
_a634.92 _bK12e |
| 100 | 1 |
_aKaimowitz, David _eautor |
|
| 245 | 1 | 0 |
_aEconomic models of tropical deforestation : _ba review / _cDavid Kaimowitz and Arild Angelsen. |
| 260 |
_aBogor (Indonesia) : _bCentre for International Forestry Research, _c1998. |
||
| 300 |
_axi, 139 páginas : _btalbas ; _c24 x 16 cm. |
||
| 504 | _aIncluye referencias bibliográficas: páginas 109-128. | ||
| 650 | 2 | 6 |
_aDeforestación _xAspectos económicos _zZonas tropicales |
| 650 | 2 | 6 |
_aBosques _xciencias forestales _xAspectos económicos _zZonas tropicales |
| 651 | 0 |
_aZonas tropicales _xAspectos ambientales |
|
| 700 | 1 |
_aAngelsen, Arild _eautor |
|
| 710 | 2 | _aCenter for International Forestry Research | |
| 942 |
_2ddc _cLIBRO |
||
| 999 |
_c812 _d812 |
||